ऊँचा घराना / (Record no. 118024)
[ view plain ]
| 000 -LEADER | |
|---|---|
| fixed length control field | 01129nam a22002657a 4500 |
| 005 - DATE AND TIME OF LATEST TRANSACTION | |
| control field | 20170124103105.0 |
| 010 ## - LIBRARY OF CONGRESS CONTROL NUMBER | |
| LC control number | A-956892 |
| 020 ## - INTERNATIONAL STANDARD BOOK NUMBER | |
| Terms of availability | 150.00 |
| International Standard Book Number | 8171500072 |
| 035 ## - SYSTEM CONTROL NUMBER | |
| System control number | A-956892 |
| 037 ## - SOURCE OF ACQUISITION | |
| Source of stock number/acquisition | Cen Lib/Ret |
| 040 ## - CATALOGING SOURCE | |
| Original cataloging agency | DPL |
| Language of cataloging | HN |
| 082 ## - DEWEY DECIMAL CLASSIFICATION NUMBER | |
| Classification number | उ |
| Item number | तुर्गने |
| 100 ## - MAIN ENTRY--PERSONAL NAME | |
| Personal name | तुर्गेनेव, इवान |
| 9 (RLIN) | 77999 |
| 245 ## - TITLE STATEMENT | |
| Title | ऊँचा घराना / |
| Statement of responsibility, etc | इवान तुग्नेव ; अनुवादक गुरचरण सिंह |
| 246 ## - VARYING FORM OF TITLE | |
| Title proper/short title | Uncha gharana / |
| Remainder of title | by Evan Turgnev ; anuvadak Gurcharan Singh |
| 260 ## - PUBLICATION, DISTRIBUTION, ETC. (IMPRINT) | |
| Place of publication, distribution, etc | दिल्ली |
| Name of publisher, distributor, etc | इन्द्रप्रस्थ प्रकाशन |
| Date of publication, distribution, etc | 1998 |
| 270 ## - ADDRESS | |
| City | दिल्ली |
| Address | के-71, कृष्णनगर |
| Postal code | 110051 |
| 300 ## - PHYSICAL DESCRIPTION | |
| Extent | 174पृ. |
| Dimensions | 20सेमी(सजिल्द ) |
| 650 ## - SUBJECT ADDED ENTRY--TOPICAL TERM | |
| Topical term or geographic name as entry element | साहित्य--उपन्यास |
| General subdivision | |
| 9 (RLIN) | 78000 |
| 650 ## - SUBJECT ADDED ENTRY--TOPICAL TERM | |
| Topical term or geographic name as entry element | हिंदी--उपन्यास |
| 9 (RLIN) | 78001 |
| 650 ## - SUBJECT ADDED ENTRY--TOPICAL TERM | |
| Topical term or geographic name as entry element | Literature--Fiction |
| 9 (RLIN) | 78002 |
| 650 ## - SUBJECT ADDED ENTRY--TOPICAL TERM | |
| Topical term or geographic name as entry element | Hindi--novel |
| 9 (RLIN) | 78003 |
| 700 ## - ADDED ENTRY--PERSONAL NAME | |
| Personal name | गुरचरण सिंह |
| 9 (RLIN) | 78004 |
| 942 ## - ADDED ENTRY ELEMENTS (KOHA) | |
| Source of classification or shelving scheme | Dewey Decimal Classification |
| Koha item type | Hindi Books |
| Classification part | उ |
| Call number suffix | तुर्गने |
| Withdrawn status | Lost status | Damaged status | Not for loan | Home library | Current library | Date acquired | Source of acquisition | Cost, normal purchase price | Total Checkouts | Full call number | Barcode | Date last seen | Copy number | Cost, replacement price | Price effective from | Koha item type |
|---|---|---|---|---|---|---|---|---|---|---|---|---|---|---|---|---|
| Central Library | Central Library | 09/09/2015 | Cen Lib/Ref | 150.00 | उ तुर्गने | A-956892 | 09/09/2015 | 1 | 150.00 | 09/09/2015 | Hindi Books |
